000 00572nam a2200229Ia 4500
003 OSt
005 20220912145749.0
006 a|||||r|||| 00| 0
007 ta
008 220909b |||||||| |||| 00| 0 eng d
024 _a75265
037 _cTextual
040 _aCSL
_beng
_cCSL
041 _aeng
082 _aCwM47, H8
100 _aRunes dagobert Ed.
245 0 _aDiary and sunday observations of thomasalva edison
260 _c1948
300 _ap.
_ccm.
942 _hCwM47, H8
_cTEXL
_2CC
999 _c37787
_d37787